[Event "4th FIDE Grand Prix Series 2014/15"]
[Site "Khanty-Mansiysk RUS"]
[Date "2015.05.24"]
[Round "9"]
[White "Karjakin, Sergey"]
[Black "Caruana, F."]
[Result "1/2-1/2"]
[WhiteElo "2753"]
[BlackElo "2803"]
[PlyCount "170"]
[EventDate "2015.05.13"]

1. Nf3 Nf6 2. c4 c5 3. Nc3 Nc6 4. g3 d5 5. d4 e6 6. cxd5 Nxd5 7. Bg2 cxd4 8.
Nxd4 Nxc3 9. bxc3 Nxd4 10. Qxd4 Qxd4 11. cxd4 Bd6 12. O-O Rb8 13. e4 b6 14. Bb2
Bb7 15. Rac1 f6 16. Rfd1 Ke7 17. f4 Rhc8 18. e5 fxe5 19. fxe5 Bb4 20. Rxc8 Bxc8
21. Be4 g6 22. Rc1 Kd8 23. Kf2 Bb7 24. Kf3 Bd5 25. Bxd5 exd5 26. Ke3 Rc8 27. a4
Rxc1 28. Bxc1 Kd7 29. Bd2 Be7 30. Kd3 h5 31. a5 bxa5 32. Bxa5 g5 33. h3 g4 34.
hxg4 hxg4 35. Ke3 Bg5+ 36. Kd3 Kc6 37. Bd2 Be7 38. Ke3 Bg5+ 39. Kd3 Be7 40. Ke3
Bf8 41. Ba5 Bh6+ 42. Kd3 Kd7 43. Bd2 Bf8 44. Ke3 Ke6 45. Ba5 Kf5 46. Kd3 Be7
47. Ke3 Bg5+ 48. Kd3 Ke6 49. Bd2 Bd8 50. Ke3 Kf5 51. Bb4 a5 52. Ba3 a4 53. Bb4
Bg5+ 54. Kd3 Bc1 55. Bd2 Ba3 56. Kc3 Be7 57. Bh6 a3 58. Kb3 Bb4 59. Bf4 Ke6 60.
Bc1 Be1 61. Be3 Bxg3 62. Kxa3 Kf5 63. Kb4 Be1+ 64. Kc5 Ke6 65. Bf4 g3 66. Bg5
Kf5 67. Bf4 Ke6 68. Bg5 Kf5 69. Bf4 Kxf4 70. e6 g2 71. e7 Bb4+ 72. Kxb4 g1=Q
73. e8=Q Qxd4+ 74. Ka5 Qe5 75. Qc8 d4+ 76. Kb4 d3 77. Qh3 Ke4 78. Qh1+ Kd4 79.
Qa1+ Kd5 80. Qxe5+ Kxe5 81. Kc3 Ke4 82. Kd2 Kd4 83. Kd1 Kc3 84. Kc1 d2+ 85. Kd1
Kd3 1/2-1/2

[Event "4th FIDE Grand Prix Series 2014/15"]
[Site "Khanty-Mansiysk RUS"]
[Date "2015.05.24"]
[Round "9"]
[White "Giri, A."]
[Black "Jobava, Ba"]
[Result "1-0"]
[WhiteElo "2776"]
[BlackElo "2699"]
[PlyCount "49"]
[EventDate "2015.05.13"]

1. e4 e6 2. d4 d5 3. Nc3 Nc6 4. e5 Bd7 5. Nf3 a6 6. a3 f6 7. Bd3 fxe5 8. dxe5
Bc5 9. O-O Nge7 10. Ne2 O-O 11. Nf4 h6 12. c4 Nd4 13. Nxd4 Bxd4 14. cxd5 Nxd5
15. Nxd5 exd5 16. Bc2 c5 17. Be3 Qb6 18. Bxd4 cxd4 19. Qd3 Rf5 20. f4 Bb5 21.
Qxf5 d3+ 22. Rf2 Rf8 23. Bxd3 Rxf5 24. Bxf5 Qe3 25. Be6+ 1-0

[Event "4th FIDE Grand Prix Series 2014/15"]
[Site "Khanty-Mansiysk RUS"]
[Date "2015.05.24"]
[Round "9"]
[White "Dominguez Perez, L."]
[Black "Vachier Lagrave, M."]
[Result "1/2-1/2"]
[WhiteElo "2734"]
[BlackElo "2754"]
[PlyCount "55"]
[EventDate "2015.05.13"]

1. e4 c5 2. Nf3 d6 3. d4 cxd4 4. Nxd4 Nf6 5. Nc3 a6 6. f3 e5 7. Nb3 Be6 8. Be3
Be7 9. Qd2 O-O 10. O-O-O Nbd7 11. g4 b5 12. g5 b4 13. Na4 Nh5 14. Qxb4 d5 15.
Qa5 Bxg5 16. Bxg5 Qxg5+ 17. Kb1 dxe4 18. Nd4 Qf6 19. Nxe6 Qxe6 20. fxe4 Ndf6
21. b3 Nxe4 22. Bc4 Qf5 23. Rhf1 Nf4 24. Bd3 Qg6 25. Rg1 Qf5 26. Rgf1 Qg6 27.
Rg1 Qf5 28. Rgf1 1/2-1/2

[Event "4th FIDE Grand Prix Series 2014/15"]
[Site "Khanty-Mansiysk RUS"]
[Date "2015.05.24"]
[Round "9"]
[White "Svidler, P."]
[Black "Tomashevsky, E."]
[Result "0-1"]
[WhiteElo "2734"]
[BlackElo "2749"]
[PlyCount "84"]
[EventDate "2015.05.13"]

1. e4 e5 2. Nf3 Nc6 3. Bb5 a6 4. Ba4 Nf6 5. O-O Be7 6. Re1 b5 7. Bb3 O-O 8. a4
Bb7 9. d3 d6 10. Nbd2 Na5 11. Ba2 c5 12. Nf1 bxa4 13. Ne3 Bc6 14. Nf5 Bd7 15.
N3h4 Kh8 16. f4 Nc6 17. c3 Rb8 18. Rf1 exf4 19. Rxf4 Ne5 20. Nxe7 Qxe7 21. Nf5
Bxf5 22. Rxf5 c4 23. Bxc4 Qa7+ 24. d4 Nxc4 25. Qf1 a3 26. bxa3 Nxe4 27. Qxc4
Rbc8 28. Qd3 Nxc3 29. Be3 Rfe8 30. Raf1 f6 31. Ra5 Qb7 32. Rf3 Qb2 33. h3 Ne4
34. Rxa6 d5 35. Ra5 Rc2 36. Qf1 Qa2 37. Kh2 h6 38. Rf5 Rb8 39. Raxd5 Rxg2+ 40.
Qxg2 Rb2 41. Bf2 Nxf2 42. Kg3 Rb3+ 0-1

[Event "Chinese Championship 2015"]
[Site "Xinghua CHN"]
[Date "2015.05.24"]
[Round "6"]
[White "Wei, Yi"]
[Black "Liu, Qingnan"]
[Result "1-0"]
[WhiteElo "2718"]
[BlackElo "2523"]
[PlyCount "75"]
[EventDate "2015.05.18"]

1. e4 d6 2. d4 g6 3. Nc3 Bg7 4. f4 Nf6 5. Nf3 c5 6. Bb5+ Bd7 7. e5 Ng4 8. Bxd7+
Qxd7 9. h3 cxd4 10. Qxd4 Nc6 11. Qe4 Nh6 12. Be3 Nf5 13. Bf2 dxe5 14. fxe5 Qe6
15. O-O-O Nxe5 16. Rhe1 Nc6 17. Qa4 Qc8 18. g4 Bxc3 19. bxc3 Ng7 20. Nd4 Ne6
21. Nxe6 fxe6 22. Qb3 Na5 23. Qb5+ Nc6 24. Be3 O-O 25. Bh6 Rf3 26. Rf1 Rxf1 27.
Rxf1 Qc7 28. Rf2 Re8 29. Qe2 Ne5 30. Qb5 Rd8 31. Qf1 Qc8 32. Rf4 g5 33. Rf2 Ng6
34. Qe1 Qc4 35. Kb2 Qb5+ 36. Ka1 Rd6 37. Rd2 Rxd2 38. Qxe6+ 1-0

[Event "4th FIDE Grand Prix Series 2014/15"]
[Site "Khanty-Mansiysk RUS"]
[Date "2015.05.25"]
[Round "10"]
[White "Gelfand, Boris"]
[Black "Tomashevsky, Evgeny"]
[Result "1/2-1/2"]
[WhiteElo "2744"]
[BlackElo "2749"]
[PlyCount "45"]
[EventDate "2015.05.14"]

1. d4 d5 2. c4 c6 3. Nf3 Nf6 4. Nc3 a6 5. Qc2 dxc4 6. e4 b5 7. b3 b4 8. Nd1 c3
9. a3 e6 10. axb4 Bxb4 11. Ba3 c5 12. dxc5 Bxa3 13. Rxa3 Bb7 14. Nxc3 O-O 15.
Be2 Qe7 16. O-O Qxc5 17. Ra4 Nbd7 18. Rc4 Qd6 19. Rd1 Qb8 20. Rcd4 Qc7 21. Rc4
Qb8 22. Rcd4 Qc7 23. Rc4 1/2-1/2

[Event "4th FIDE Grand Prix Series 2014/15"]
[Site "Khanty-Mansiysk RUS"]
[Date "2015.05.25"]
[Round "10"]
[White "Vachier-Lagrave, Maxime"]
[Black "Svidler, Peter"]
[Result "1/2-1/2"]
[WhiteElo "2754"]
[BlackElo "2734"]
[PlyCount "66"]
[EventDate "2015.05.14"]

1. e4 e5 2. Nf3 Nc6 3. Bb5 a6 4. Ba4 Nf6 5. O-O Be7 6. Re1 b5 7. Bb3 d6 8. c3
O-O 9. h3 Re8 10. d4 Bb7 11. a3 h6 12. Nbd2 Bf8 13. d5 Nb8 14. Nh2 Nbd7 15. Qf3
c6 16. dxc6 Bxc6 17. Ng4 Qe7 18. Nf1 Nxg4 19. hxg4 Qf6 20. Ne3 Qxf3 21. gxf3
Nb6 22. Rd1 Rac8 23. Nd5 Nxd5 24. Bxd5 Bxd5 25. Rxd5 Rc4 26. Be3 f6 27. Kf1 Kf7
28. Ke2 Ke6 29. Kd3 g6 30. Rh1 Re7 31. f4 Rxe4 32. Rxd6+ Kxd6 33. Kxe4 exf4+
1/2-1/2

[Event "4th FIDE Grand Prix Series 2014/15"]
[Site "Khanty-Mansiysk RUS"]
[Date "2015.05.25"]
[Round "10"]
[White "Jobava, Baadur"]
[Black "Dominguez Perez, Leinier"]
[Result "1-0"]
[WhiteElo "2699"]
[BlackElo "2734"]
[PlyCount "95"]
[EventDate "2015.05.14"]

1. e4 e5 2. Nf3 Nc6 3. Bc4 Bc5 4. c3 Nf6 5. d4 exd4 6. e5 d5 7. Bb5 Ne4 8. cxd4
Bb6 9. h3 O-O 10. O-O f6 11. Bxc6 bxc6 12. Be3 fxe5 13. Nxe5 Bb7 14. Nd2 c5 15.
Nxe4 cxd4 16. Bxd4 dxe4 17. Qb3+ Bd5 18. Qc3 Qg5 19. Be3 Qh5 20. Rad1 Be6 21.
Rde1 Bd5 22. a4 Ba5 23. Qxa5 Qxe5 24. Rc1 Rac8 25. Rfd1 c6 26. b4 Qe6 27. b5
Bb3 28. Rd2 cxb5 29. Rxc8 Qxc8 30. axb5 Bc4 31. Rc2 Qe6 32. Qxa7 Qd5 33. Bd4
Rf7 34. Qb8+ Rf8 35. Qc7 Qxd4 36. Qxc4+ Qxc4 37. Rxc4 Rb8 38. Rb4 Kf7 39. Kf1
Ke6 40. Rxe4+ Kd6 41. Rd4+ Ke6 42. Rb4 Kd5 43. Rh4 h6 44. Rg4 g5 45. Rb4 Kc5
46. Rb1 Kb6 47. Re1 Kc5 48. Re6 1-0

[Event "4th FIDE Grand Prix Series 2014/15"]
[Site "Khanty-Mansiysk RUS"]
[Date "2015.05.25"]
[Round "10"]
[White "Grischuk, Alexander"]
[Black "Giri, Anish"]
[Result "1/2-1/2"]
[WhiteElo "2780"]
[BlackElo "2776"]
[PlyCount "63"]
[EventDate "2015.05.14"]

1. d4 Nf6 2. c4 e6 3. Nf3 d5 4. Nc3 c6 5. e3 Nbd7 6. Be2 Bd6 7. O-O O-O 8. a4
Qe7 9. a5 a6 10. Qb3 Ne4 11. Nd2 f5 12. f4 Rb8 13. Ndxe4 dxe4 14. Bd2 g5 15. g3
h6 16. Na4 Kh7 17. Nb6 Nf6 18. Kh1 Bd7 19. Bc3 Be8 20. d5 gxf4 21. gxf4 Ng4 22.
Bxg4 fxg4 23. Qc2 Bg6 24. Rad1 Rbd8 25. b4 c5 26. bxc5 Bxc5 27. Qe2 Bf5 28. Be5
Rg8 29. Rg1 Qf7 30. dxe6 Bxe6 31. Nd5 Be7 32. Qc2 1/2-1/2

[Event "4th FIDE Grand Prix Series 2014/15"]
[Site "Khanty-Mansiysk RUS"]
[Date "2015.05.25"]
[Round "10"]
[White "Jakovenko, Dmitry"]
[Black "Karjakin, Sergey"]
[Result "1-0"]
[WhiteElo "2738"]
[BlackElo "2753"]
[PlyCount "128"]
[EventDate "2015.05.14"]

1. d4 Nf6 2. c4 e6 3. Nf3 d5 4. Nc3 c6 5. e3 Nbd7 6. Qc2 Bd6 7. Bd3 O-O 8. O-O
dxc4 9. Bxc4 a6 10. Rd1 b5 11. Bd3 Qc7 12. Bd2 c5 13. Ne4 c4 14. Nxd6 Qxd6 15.
Be2 Bb7 16. b3 Rfc8 17. Qb2 Rab8 18. Rac1 h6 19. Ne5 cxb3 20. axb3 Rxc1 21.
Rxc1 Nxe5 22. dxe5 Qd5 23. f3 Ng4 24. Bb4 Rd8 25. Bd6 Nxe3 26. Rc5 Rxd6 27.
Rxd5 Rxd5 28. Qc3 Nf5 29. Kf2 Rd7 30. g4 Ne7 31. f4 g6 32. h4 Kg7 33. Bd3 Nc6
34. Be4 Ne7 35. Bd3 Nc6 36. f5 b4 37. f6+ Kg8 38. Qc1 Nxe5 39. Be2 Nd3+ 40.
Bxd3 Rxd3 41. Ke2 Rf3 42. g5 Rc3 43. Qf4 Rc8 44. Qd6 Be4 45. gxh6 g5 46. Qxb4
Bf5 47. hxg5 Kh7 48. Qb7 Rc2+ 49. Kd1 Bg6 50. b4 Rc4 51. Qe7 Bh5+ 52. Ke1 Re4+
53. Kf2 Rg4 54. Qc5 Rf4+ 55. Kg3 Rf5 56. Qe3 Bg6 57. Kh4 Rd5 58. Qb6 Bf5 59.
Kg3 Kg6 60. Qa7 Rd3+ 61. Kf4 Rh3 62. Ke5 Rh4 63. Qe7 Rh5 64. Qf8 Rxg5 1-0

[Event "Chinese Championship 2015"]
[Site "Xinghua CHN"]
[Date "2015.05.25"]
[Round "7"]
[White "Wang, Chen"]
[Black "Wei, Yi"]
[Result "1/2-1/2"]
[WhiteElo "2536"]
[BlackElo "2718"]
[PlyCount "142"]
[EventDate "2015.05.18"]

1. d4 Nf6 2. Nf3 c5 3. dxc5 e6 4. Bf4 Bxc5 5. e3 O-O 6. Be2 Qb6 7. Qc1 Nc6 8.
O-O Nd5 9. Bg5 f6 10. c4 Nde7 11. Bf4 e5 12. Bg3 Nf5 13. Nfd2 d6 14. Nc3 Be6
15. a3 a5 16. Nde4 Nce7 17. Rb1 Nxg3 18. hxg3 f5 19. Ng5 Bd7 20. b4 axb4 21.
axb4 Bxb4 22. Qb2 Nc6 23. c5 Qd8 24. Qb3+ Kh8 25. Nf7+ Rxf7 26. Qxf7 e4 27. Nb5
Bxc5 28. Qd5 Ne7 29. Qxb7 Rc8 30. Na7 Ra8 31. Nb5 Rc8 32. Nd4 h6 33. Rfd1 Kh7
34. Qb3 d5 35. Bb5 Bxd4 36. Bxd7 Rc3 37. Qb8 Qxd7 38. Rxd4 Rc8 39. Qb3 Rc5 40.
Rb4 Nc6 41. Rb7 Qd6 42. Qb6 d4 43. exd4 Qxd4 44. Qb2 Qxb2 45. R7xb2 Kg6 46. Rb5
Rc2 47. Rd1 Kg5 48. Rd7 g6 49. Rd6 Rc4 50. Kh2 Rc2 51. Kg1 Rc4 52. Kh2 Rc2 53.
Kh3 Kh5 54. f4 exf3 55. gxf3 Rc1 56. f4 Rh1+ 57. Kg2 Rc1 58. Rb6 Rc2+ 59. Kf3
Rc3+ 60. Kg2 Ne7 61. Kh3 Nc8 62. Rdc6 Nxb6 63. Rxc3 Nd5 64. Rc5 Nf6 65. Kg2 Ne4
66. Rc6 g5 67. Kf3 Nd2+ 68. Ke3 Ne4 69. Kf3 Nd2+ 70. Kg2 gxf4 71. gxf4 Kg4
1/2-1/2

[Event "Chinese Championship 2015"]
[Site "Xinghua CHN"]
[Date "2015.05.25"]
[Round "7"]
[White "Yu, Yangyi"]
[Black "Wan, Yunguo"]
[Result "1-0"]
[WhiteElo "2723"]
[BlackElo "2472"]
[PlyCount "49"]
[EventDate "2015.05.18"]

1. d4 Nf6 2. c4 g6 3. Nc3 d5 4. cxd5 Nxd5 5. g3 Bg7 6. Bg2 Nb6 7. Nf3 O-O 8.
O-O Nc6 9. e3 Re8 10. h3 a5 11. d5 Nb4 12. e4 c6 13. a3 Na6 14. Be3 cxd5 15.
exd5 Bd7 16. Bd4 e5 17. dxe6 Bxe6 18. Re1 Rb8 19. Ne4 a4 20. Bxg7 Kxg7 21. Nd6
Rf8 22. Qd4+ Kg8 23. Rad1 Bb3 24. Rd3 Nc8 25. Ne4 1-0

[Event "4th FIDE Grand Prix Series 2014/15"]
[Site "Khanty-Mansiysk RUS"]
[Date "2015.05.26"]
[Round "11"]
[White "Karjakin, Sergey"]
[Black "Gelfand, Boris"]
[Result "1/2-1/2"]
[WhiteElo "2753"]
[BlackElo "2744"]
[PlyCount "65"]
[EventDate "2015.05.14"]

1. e4 c5 2. Nf3 d6 3. d4 cxd4 4. Nxd4 Nf6 5. Nc3 a6 6. Bg5 Nbd7 7. a4 e6 8. a5
Be7 9. Be2 O-O 10. O-O Qc7 11. Qd3 h6 12. Bd2 Nc5 13. Qe3 d5 14. exd5 exd5 15.
Bf3 Rd8 16. Rfe1 Bd6 17. g3 Ne6 18. Qd3 Nc5 19. Qe2 Bh3 20. Be3 Be5 21. Qd1
Nce4 22. Nce2 Bg4 23. c3 Qd7 24. Bg2 Nd6 25. f3 Nc4 26. Bc1 Bh3 27. Bxh3 Qxh3
28. b3 Nd6 29. Nf4 Bxd4+ 30. Qxd4 Qc8 31. Qd3 Nb5 32. Ne2 Nd7 33. Nd4 1/2-1/2

[Event "4th FIDE Grand Prix Series 2014/15"]
[Site "Khanty-Mansiysk RUS"]
[Date "2015.05.26"]
[Round "11"]
[White "Giri, Anish"]
[Black "Caruana, Fabiano"]
[Result "1/2-1/2"]
[WhiteElo "2776"]
[BlackElo "2803"]
[PlyCount "74"]
[EventDate "2015.05.14"]

1. c4 c5 2. Nf3 Nf6 3. Nc3 Nc6 4. e3 e6 5. d4 d5 6. a3 a6 7. dxc5 Bxc5 8. b4
Ba7 9. Bb2 O-O 10. Qc2 Qe7 11. Rd1 Rd8 12. Be2 dxc4 13. Rxd8+ Nxd8 14. Ne4 Nxe4
15. Qxe4 c3 16. Bxc3 Bd7 17. O-O Rc8 18. Bb2 Bc6 19. Qb1 Ba4 20. Bd3 h6 21. Qa1
Qf8 22. g4 Bb8 23. g5 hxg5 24. Nxg5 f6 25. Ne4 Nf7 26. Qb1 Qe7 27. Rc1 Bc6 28.
b5 axb5 29. Bxb5 f5 30. Ng3 Ng5 31. Bxc6 bxc6 32. Rd1 c5 33. Ba1 Be5 34. Bxe5
Nf3+ 35. Kg2 Nxe5 36. Qb5 Qc7 37. Qa6 Qc6+ 1/2-1/2

[Event "4th FIDE Grand Prix Series 2014/15"]
[Site "Khanty-Mansiysk RUS"]
[Date "2015.05.26"]
[Round "11"]
[White "Dominguez Perez, Leinier"]
[Black "Grischuk, Alexander"]
[Result "1/2-1/2"]
[WhiteElo "2734"]
[BlackElo "2780"]
[PlyCount "68"]
[EventDate "2015.05.14"]

1. e4 c5 2. Nf3 Nc6 3. d4 cxd4 4. Nxd4 Nf6 5. Nc3 e5 6. Ndb5 d6 7. Bg5 a6 8.
Na3 b5 9. Nd5 Be7 10. Bxf6 Bxf6 11. c3 Bg5 12. Nc2 Rb8 13. a4 bxa4 14. Ncb4
Nxb4 15. Nxb4 Bd7 16. Bxa6 Qa5 17. Qxd6 Rb6 18. Qd3 Be7 19. Nd5 Rxb2 20. O-O
Qc5 21. c4 Rb3 22. Qe2 Bd6 23. Bb5 Bxb5 24. cxb5 Qxb5 25. Qg4 O-O 26. Nf6+ Kh8
27. Qf5 g6 28. Qg5 Kg7 29. Nh5+ Kg8 30. Nf6+ Kg7 31. Nh5+ Kg8 32. Qh6 gxh5 33.
Qg5+ Kh8 34. Qf6+ Kg8 1/2-1/2

[Event "4th FIDE Grand Prix Series 2014/15"]
[Site "Khanty-Mansiysk RUS"]
[Date "2015.05.26"]
[Round "11"]
[White "Svidler, Peter"]
[Black "Jobava, Baadur"]
[Result "1-0"]
[WhiteElo "2734"]
[BlackElo "2699"]
[PlyCount "131"]
[EventDate "2015.05.14"]

1. e4 e6 2. d4 d5 3. Nc3 dxe4 4. Nxe4 Bd7 5. Nf3 Bc6 6. Bd3 Nd7 7. Qe2 Be7 8.
Neg5 Bxg5 9. Nxg5 h6 10. Nf3 Qf6 11. Ne5 Nxe5 12. Qxe5 O-O-O 13. Be3 Qe7 14.
O-O-O Nf6 15. f3 g5 16. c4 b6 17. Bd2 Nh5 18. d5 f6 19. Qe2 Ba4 20. b3 Bd7 21.
g4 Ng7 22. Kb1 h5 23. h3 Qf7 24. Bc3 Kb8 25. Be4 Bc8 26. Rhe1 hxg4 27. hxg4 Bb7
28. dxe6 Bxe4+ 29. Qxe4 Rxd1+ 30. Rxd1 Nxe6 31. Qf5 Rh6 32. Rd2 Qg6 33. Qxg6
Rxg6 34. Rd5 Rh6 35. Rf5 Rh1+ 36. Kb2 Rh2+ 37. Kb1 Rh1+ 38. Kb2 Rh2+ 39. Ka3 a5
40. Rxf6 Re2 41. Rf5 Rf2 42. Re5 Nf4 43. Rxg5 Rxf3 44. Kb2 Nd3+ 45. Kc2 Nb4+
46. Bxb4 axb4 47. Rf5 Rg3 48. g5 Kc8 49. Kd2 Kd7 50. Ke2 Ke6 51. Rb5 Rg2+ 52.
Kf3 Rxa2 53. Rxb4 Ra1 54. Rb5 Kf7 55. Ke4 Rd1 56. b4 Re1+ 57. Kd5 Re6 58. Kd4
Re1 59. c5 Rd1+ 60. Ke4 Re1+ 61. Kd5 Re6 62. Kd4 Rg6 63. cxb6 cxb6 64. Re5 Rc6
65. Kd5 Rc1 66. Ke4 1-0

[Event "4th FIDE Grand Prix Series 2014/15"]
[Site "Khanty-Mansiysk RUS"]
[Date "2015.05.26"]
[Round "11"]
[White "Tomashevsky, Evgeny"]
[Black "Vachier-Lagrave, Maxime"]
[Result "1/2-1/2"]
[WhiteElo "2749"]
[BlackElo "2754"]
[PlyCount "229"]
[EventDate "2015.05.14"]

1. d4 Nf6 2. c4 g6 3. Nc3 d5 4. Bg5 Ne4 5. Bh4 Nxc3 6. bxc3 dxc4 7. e3 Be6 8.
Be2 Bg7 9. Nh3 O-O 10. Nf4 Bf5 11. Bxc4 Qd6 12. O-O Nc6 13. Bg3 e5 14. Nd3 Rad8
15. Bb5 a6 16. Ba4 b5 17. Bb3 Bxd3 18. Qxd3 Na5 19. Qe4 Rfe8 20. dxe5 Qd3 21.
Qb4 Nxb3 22. axb3 Bxe5 23. Bxe5 Rxe5 24. Rxa6 c5 25. Qa5 b4 26. Ra8 Ree8 27.
Rxd8 Rxd8 28. cxb4 cxb4 29. Qxb4 Qc2 30. h4 h5 31. g3 Qb2 32. Qb5 Kg7 33. Kg2
Rd2 34. Qc4 Rc2 35. Qd3 Rd2 36. Qc4 Rc2 37. Qa4 Qf6 38. Qe4 Rb2 39. Qd3 Kg8 40.
Kg1 Kh7 41. Qc4 Kg8 42. Qd3 Kh7 43. Qd5 Kg7 44. Qc4 Kg8 45. b4 Qe7 46. Ra1 Qxb4
47. Qd5 Rb1+ 48. Rxb1 Qxb1+ 49. Kg2 Kg7 50. Qe5+ Kg8 51. Qe8+ Kg7 52. Qe5+ Kg8
53. e4 Qd3 54. Qf4 Qd7 55. Qg5 Qd3 56. Qe5 Qc4 57. Qd5 Qe2 58. Qc6 Kg7 59. Qc3+
Kg8 60. Qf3 Qc4 61. g4 hxg4 62. Qxg4 Kf8 63. Qf4 Kg7 64. Qe3 Kg8 65. Kg3 Qf1
66. f3 Qa1 67. Kg4 Qb2 68. Kh3 Qa1 69. Kg3 Kg7 70. f4 Kh7 71. Qf3 Qg1+ 72. Kh3
Kh6 73. f5 gxf5 74. Qf4+ Kg7 75. Qe5+ Kg8 76. Qxf5 Qh1+ 77. Kg4 Qd1+ 78. Kg5
Qc1+ 79. Kh5 Qc6 80. Kg4 Qb6 81. Qe5 Kh7 82. h5 Qg1+ 83. Kf5 Qb6 84. Kg4 Qg1+
85. Qg3 Qb6 86. Qf4 Kg7 87. Kh4 Kg8 88. Qe5 Kh7 89. Kg5 Qg1+ 90. Kf6 Qg7+ 91.
Kf5 Qh6 92. Kg4 Qb6 93. Qd5 Kg7 94. Qg5+ Kh7 95. Qf5+ Kg7 96. Qf4 Kg8 97. e5
Kg7 98. Qg3 Kh6 99. Qf4+ Kg7 100. Kh4 Qc6 101. Qd4 Kh7 102. Qd6 Qg2 103. Qd3+
Kh6 104. Qe3+ Kh7 105. Qf4 Qh1+ 106. Kg5 Qg2+ 107. Kf6 Qg7+ 108. Kf5 Qg1 109.
Qc4 Qf2+ 110. Kg5 Qg3+ 111. Kf6 Qf3+ 112. Ke7 Qb7+ 113. Kd6 Qb6+ 114. Ke7 Qb7+
115. Kd6 1/2-1/2

[Event "Chinese Championship 2015"]
[Site "Xinghua CHN"]
[Date "2015.05.26"]
[Round "8"]
[White "Wei, Yi"]
[Black "Wen, Yang"]
[Result "1-0"]
[WhiteElo "2718"]
[BlackElo "2583"]
[PlyCount "149"]
[EventDate "2015.05.18"]

1. e4 e5 2. Nf3 Nc6 3. Bb5 a6 4. Ba4 Nf6 5. O-O Be7 6. Re1 b5 7. Bb3 O-O 8. a4
Bb7 9. d3 d6 10. Nbd2 Nb8 11. axb5 axb5 12. Rxa8 Bxa8 13. Nf1 Nbd7 14. Ng3 Nc5
15. Ba2 Bb7 16. Bd2 Qd7 17. Nf5 Ra8 18. Qb1 Ne6 19. Nxe7+ Qxe7 20. b4 h6 21.
Bb3 Nf8 22. Qb2 Ng6 23. Ra1 Qe8 24. Ne1 Rxa1 25. Qxa1 Bc6 26. Qa6 Nf8 27. f3
Ng6 28. c4 Bd7 29. Qb7 bxc4 30. dxc4 Qd8 31. Nd3 Be6 32. Be3 Nf8 33. Kf1 N6d7
34. Ke2 Nf6 35. Kd2 Ne8 36. Kc3 Nf6 37. Ba4 Bd7 38. Bb3 Be6 39. Ba7 N6d7 40. b5
h5 41. g3 Kh7 42. Nb4 Nc5 43. Qb8 Qf6 44. Bd1 Qg5 45. Bxc5 dxc5 46. Nc2 Qe7 47.
Be2 Qd6 48. b6 Nd7 49. Qxc7 Qxb6 50. Qxb6 Nxb6 51. f4 g6 52. Ne3 f6 53. f5 Bf7
54. fxg6+ Bxg6 55. Nd5 Nd7 56. Bf3 Kg7 57. Kb3 Nb8 58. Ne7 Kf7 59. Nxg6 Kxg6
60. Ka4 Nc6 61. Bd1 Nd4 62. Ka5 h4 63. Kb6 hxg3 64. hxg3 f5 65. exf5+ Nxf5 66.
Bc2 Kf6 67. Bxf5 Kxf5 68. Kxc5 Ke4 69. Kd6 Kd4 70. c5 e4 71. c6 e3 72. c7 e2
73. c8=Q e1=Q 74. Qc5+ Kd3 75. Qd5+ 1-0

[Event "Chinese Championship 2015"]
[Site "Xinghua CHN"]
[Date "2015.05.26"]
[Round "8"]
[White "Zhou, Jianchao"]
[Black "Yu, Yangyi"]
[Result "1/2-1/2"]
[WhiteElo "2589"]
[BlackElo "2723"]
[PlyCount "125"]
[EventDate "2015.05.18"]

1. d4 Nf6 2. c4 e6 3. Nf3 d5 4. Nc3 Bb4 5. Bg5 h6 6. Bxf6 Qxf6 7. Qa4+ Nc6 8.
e3 O-O 9. Be2 Bd7 10. Qb3 dxc4 11. Qxc4 Qg6 12. O-O Bd6 13. Rac1 Na5 14. Qd3
Qxd3 15. Bxd3 Nc6 16. Rfd1 Rfd8 17. Bb1 Nb4 18. Be4 c6 19. Bb1 Be8 20. a3 Nd5
21. Ne4 Be7 22. Ba2 g5 23. h3 Kg7 24. Rd2 Nf6 25. Bb1 a5 26. Nxf6 Bxf6 27. Be4
a4 28. g4 Ra5 29. Rc4 Kf8 30. Rdc2 Bg7 31. Kg2 f5 32. Bd3 fxg4 33. hxg4 e5 34.
Bf5 exd4 35. Nxd4 Bxd4 36. Rxd4 Rxd4 37. exd4 Rd5 38. Rd2 c5 39. Be4 Rxd4 40.
Rxd4 cxd4 41. Bxb7 Ke7 42. Kf3 Kd6 43. Ke4 Kc5 44. Kd3 Bb5+ 45. Kd2 Kd6 46. Kc2
Bd7 47. f3 Ke5 48. Kd3 Bb5+ 49. Kd2 Kf4 50. Bd5 Kg3 51. b3 axb3 52. Bxb3 Kxf3
53. Bd1+ Kf4 54. a4 Bxa4 55. Bxa4 Kxg4 56. Kd3 Kh3 57. Kxd4 g4 58. Ke3 h5 59.
Kf4 g3 60. Bc6 h4 61. Kg5 g2 62. Bxg2+ Kxg2 63. Kxh4 1/2-1/2

[Event "Chinese Championship 2015"]
[Site "Xinghua CHN"]
[Date "2015.05.27"]
[Round "9"]
[White "Zhao, Jun"]
[Black "Wei, Yi"]
[Result "1/2-1/2"]
[WhiteElo "2613"]
[BlackElo "2718"]
[PlyCount "71"]
[EventDate "2015.05.18"]

1. e4 c5 2. Nf3 d6 3. Bb5+ Bd7 4. Bxd7+ Qxd7 5. c4 Nf6 6. Nc3 g6 7. d4 cxd4 8.
Nxd4 Bg7 9. f3 O-O 10. O-O Rc8 11. b3 d5 12. exd5 Nxd5 13. Nxd5 e6 14. Bh6 exd5
15. Bxg7 Kxg7 16. Nb5 dxc4 17. Nd6 Rd8 18. Nxb7 Qxd1 19. Raxd1 Rxd1 20. Rxd1
cxb3 21. axb3 Nc6 22. Rd7 a5 23. Kf2 a4 24. bxa4 Rxa4 25. Rd2 Rd4 26. Rxd4 Nxd4
27. Nc5 h5 28. Ne4 Ne6 29. h4 Nd4 30. g4 hxg4 31. fxg4 f5 32. gxf5 Nxf5 33. h5
gxh5 34. Ng3 Nxg3 35. Kxg3 h4+ 36. Kxh4 1/2-1/2

[Event "Chinese Championship 2015"]
[Site "Xinghua CHN"]
[Date "2015.05.27"]
[Round "9"]
[White "Yu, Yangyi"]
[Black "Lin, Chen"]
[Result "1-0"]
[WhiteElo "2723"]
[BlackElo "2460"]
[PlyCount "53"]
[EventDate "2015.05.18"]

1. Nf3 d5 2. c4 c6 3. e3 Nf6 4. Nc3 a6 5. d4 b5 6. b3 Bg4 7. Be2 Nbd7 8. h3
Bxf3 9. Bxf3 e6 10. O-O Bd6 11. Bb2 O-O 12. Rc1 Rc8 13. Qe2 Qe7 14. a4 bxc4 15.
bxc4 a5 16. c5 Bc7 17. e4 dxe4 18. Nxe4 Nd5 19. Nc3 Qg5 20. Nxd5 exd5 21. Rb1
Rfe8 22. Bc1 Qg6 23. Be3 Nxc5 24. dxc5 d4 25. Bg4 Rcd8 26. Rb7 Bb8 27. Bh5 1-0

[Event "Chinese Championship 2015"]
[Site "Xinghua CHN"]
[Date "2015.05.28"]
[Round "10"]
[White "Wang, Chen"]
[Black "Yu, Yangyi"]
[Result "0-1"]
[WhiteElo "2536"]
[BlackElo "2723"]
[PlyCount "90"]
[EventDate "2015.05.18"]

1. d4 Nf6 2. Bg5 d5 3. Bxf6 gxf6 4. Nf3 c5 5. c3 Qb6 6. Qb3 Nc6 7. e3 e5 8.
Nbd2 Be6 9. Bb5 Bg7 10. O-O O-O 11. Bxc6 Qxc6 12. Rfe1 b5 13. Qd1 Rfc8 14. Nh4
cxd4 15. exd4 exd4 16. Nb3 dxc3 17. Nd4 c2 18. Qd2 Qc4 19. Rac1 Bh6 20. f4 Bf8
21. Rxc2 Qxa2 22. Nhf3 Rxc2 23. Qxc2 Qc4 24. Qf2 Bd7 25. h3 Re8 26. Rxe8 Bxe8
27. Qg3+ Kh8 28. Qh4 Bg7 29. Nf5 Qe4 30. Qg4 Bf8 31. N3d4 Bd7 32. Qh4 Bg7 33.
Qh5 Kg8 34. g3 Qb1+ 35. Kg2 Qxb2+ 36. Kg1 Qc1+ 37. Kh2 Qd2+ 38. Kh1 Qe1+ 39.
Kh2 Qf2+ 40. Kh1 Bxf5 41. Nxf5 Bf8 42. h4 b4 43. Qg4+ Kh8 44. Nh6 Qe1+ 45. Kh2
Bxh6 0-1

[Event "Chinese Championship 2015"]
[Site "Xinghua CHN"]
[Date "2015.05.29"]
[Round "11"]
[White "Lu, Shanglei"]
[Black "Wei, Yi"]
[Result "1-0"]
[WhiteElo "2606"]
[BlackElo "2718"]
[PlyCount "73"]
[EventDate "2015.05.18"]

1. Nc3 c5 2. e4 Nc6 3. Nf3 g6 4. Bc4 Bg7 5. d3 d6 6. a3 e6 7. h4 Nf6 8. Ba2 a6
9. Ne2 b5 10. Ng3 h6 11. c3 Bb7 12. d4 Qb6 13. O-O O-O-O 14. a4 d5 15. axb5
axb5 16. e5 Ne4 17. Be3 Nxg3 18. fxg3 c4 19. Qd2 Kc7 20. Nh2 Rd7 21. Rae1 b4
22. Bb1 Kc8 23. Rf3 b3 24. Ref1 Nd8 25. R3f2 Bc6 26. Ng4 h5 27. Bh6 Bxh6 28.
Nxh6 Rh7 29. Qg5 Ra7 30. g4 hxg4 31. h5 g3 32. Rf6 Be8 33. hxg6 fxg6 34. Rf8
Qc6 35. Ng8 Rhg7 36. Nf6 Rae7 37. Qh6 1-0

[Event "Nezhmetdinov Cup (rapid) 2015"]
[Site "Kazan RUS"]
[Date "2015.05.29"]
[Round "2"]
[White "Askarov, Marat"]
[Black "Morozevich, Alexander"]
[Result "0-1"]
[WhiteElo "2467"]
[BlackElo "2711"]
[PlyCount "76"]
[EventDate "2015.05.29"]

1. c4 b6 2. Nc3 Bb7 3. d4 e6 4. a3 Nf6 5. Nf3 d5 6. Bg5 Be7 7. e3 O-O 8. cxd5
exd5 9. Qc2 Nbd7 10. b4 h6 11. Bh4 c6 12. Be2 a5 13. b5 c5 14. O-O Rc8 15. Qb3
Ne4 16. Bxe7 Qxe7 17. Nxd5 Bxd5 18. Qxd5 Nc3 19. Qc4 cxd4 20. Qd3 Nc5 21. Qc2
Qe4 22. Bd1 Qxc2 23. Bxc2 Ne2+ 24. Kh1 d3 25. Bd1 Ne4 26. Bxe2 dxe2 27. Rfe1
Nxf2+ 28. Kg1 Ne4 29. Rxe2 Rc3 30. a4 Re8 31. Nd4 g6 32. Nc6 Rc4 33. g3 Nc5 34.
Kf2 Nxa4 35. Rd2 Nc3 36. Rd4 Rc5 37. Kg2 Nxb5 38. Rd7 Rxc6 0-1